Damso - Paroles - Statistiques

Statistiques générales
  • Ce quiz a été pris 1 019 fois
  • Le résultat moyen est 5 sur 12
Statistiques - réponses
Titres Paroles Partie manquante % Correct
Macarena
Rappelle-toi bien de la suite, dans les hôtels et les suites
J't'invitais aux soirées VIP, à la télé, tu regardais mes clips
On l'a fait sans autotune, sur une prod de Twinsmatic
C'est ma manière romantique de dire [...]
Que j'n'avais pas mis de préservatif
73%
Mosaïque Solitaire Me d'mandez pas c'que j'fais dans la vie C'est si noir, [...]
Quelque part, loin de toute compagnie
Batterie Faible m'a fait perdre beaucoup d'amis
Vous s'rez pris de panique
68%
Amnésie Mort est son avenir proche [...]
Le hashtag #Vie tient peut-être d'elle
De son cou pendu à la corde
Les anges de l'enfer l'escortent
56%
Graine de sablier La vie de rêve, je n'y crois pas [...] Sur joint d'be-her, il reste trois taffes Vas-y, tue-le, t'inquiète, on a investi Comme la chatte refaite d'un travesti
39%
Pyramide
Tu cherches un homme honnête? Coupe-lui sa bite et sa langue
[...] , j'n'aime pas les hommes, mieux vaut les pendre
K du Congo, faudrait le reprendre
OG rappeur un peu misandre
38%
N. J Respect R J'm'en fous d'être ton boyfriend
C'est ton cul, moi, que je veux, moi
Qu'est-ce tu croyais, viens pas chialer
Personne ne m'aimera, non, si ce n'est moi
[...] Tu ne trouveras pas mon ze-bla
Dans trafics pas très renoi
37%
Feu de bois Très peu sage, j'ai vu l'âge à la nage, je fuis l'alcoolisme
[...], j'agonise
Mille latences entre c'que je pense et ce que je dis
Ce que j'obtiens et ce que je vise
Sur la blanche page
36%
BruxellesVie Sabre Laser, Skywalker Luke J'la prends en levrette, elle crie par la fenêtre Lubrifiant pépère, [...] Senteur musc
31%
Morose S'il le faut, tu le fais, il est faux tu le sais Illico tu le fais, [...], une icône dans la presse Une michto dans la tess, jamais seul tu t'en sortiras Silicone dans la fesse
25%
J'avais juste envie d'écrire
J'te préfère avec une balle dans la tête au moins j't'écouterai plus raconter ta vie
Un col blanc veut pas dire qu't'es un mec bien, [...] C'que j'aime chez la mort, c'est qu'elle ment pas
Des pédophiles s'cachent derrière l'eucharistie
24%
Coeur De Pirate Les pupilles s'dilatent, drogué, j'veux plus penser L'arme brandie, j'suis venu récolter toute la maille Sombre bandit, [...]. J'vais faire du sale toute la night
17%
Mucho Dinero Mucho dinero, mucho dinero, oh Mucho dinero, ooh Pas plus raciste que le "[...]" Complexe de taille de bite dans l'urinoir J'ai un ami noir
16%
Aucun quiz correspondant
Distribution des résultats
% des personnes avec chaque résultat
Percentile par nombre de réponses
Votre historique - résultats
Vous n’avez pas pris ce quiz